|
|
|
|
| LEADER |
00000nab a2200000 a 4500 |
| 001 |
vtls000555809 |
| 003 |
SK-MaSNL |
| 005 |
20260304090003.0 |
| 008 |
250425c1995 xo 0 slo |
| 015 |
|
|
|a SNBRB19rr/mm-uuuuu
|
| 035 |
|
|
|a CL0555947
|
| 035 |
|
|
|a urn:nbn:sk:snk-ab7h4r
|
| 035 |
|
|
|a (urnnbn)urn:nbn:sk:snk:ar-005s8m
|
| 035 |
|
|
|a (uuid)4e7e3f38-df4f-43c4-86b3-2ebd10fec8d1
|
| 040 |
|
|
|a SNKBUCL
|b slo
|c SNKBUCL
|e AACR2
|
| 041 |
0 |
|
|a slo
|
| 044 |
|
|
|a xo
|c SK
|
| 080 |
|
|
|a 930.25(05)(439)
|2 1981
|
| 080 |
|
|
|a 05(439):930.25
|2 1981
|
| 100 |
1 |
|
|a Stieberová, Mária
|4 aut
|9 6207
|
| 245 |
1 |
0 |
|a Levéltári Közleményeh
|c Mária Stieberová
|
| 650 |
0 |
7 |
|a Levéltári közlemények (časopis)
|2 snkbucl
|9 1380296
|
| 655 |
|
7 |
|a články z novín a časopisov
|2 snkbucl
|9 267496
|
| 773 |
0 |
|
|t Slovenská archivistika
|g Roč. 30, č. 1 (1995), s. 156
|x 0231-6722
|
| 850 |
|
|
|a Slovenská národná knižnica
|
| 852 |
|
|
|a Slovenská národná knižnica
|
| 954 |
|
|
|a odborná, vedecká literatúra pôvodná (slovenská)
|2 lita
|
| 958 |
|
|
|a article7
|
| 958 |
|
|
|a OND
|
| 958 |
|
|
|a RK
|
| 958 |
|
|
|a HU
|
| 958 |
|
|
|a EUIPO
|
| 992 |
|
|
|a RBX
|
| 999 |
|
|
|c 2809934
|d 2811864
|